000
00315 a2200157 4500
001
171374
020
_a
040
_c
Magnum
100
_a
Mazzetti, Maria
240
1
0
_a
Pois e...
_l
por
245
1
0
_a
Pois e...
362
0
_a
1899
440
1
_a
Ao Livro Técnico
697
_a
IJ/FADAS, FANTASIA
942
_c
BK
999
_c
171374
_d
171374